[Event "Challenge"]
[Site "http://www.queenalice.com/game.php?id=518598"]
[Date "2009.1.7"]
[Round "-"]
[White "romabit"]
[Black "lobispito"]
[Result "1-0"]
[WhiteElo "1577"]
[BlackElo "1561"]

1. Nf3 e6 2. e4 g6 3. d4 Bb4+ 4. Nbd2 b6 5. Bb5 a6 6. Ba4 b5 7. Bb3 Bb7 8. O-O
Bxd2 9. Nxd2 Nc6 10. c3 b4 11. Re1 Nh6 12. d5 bxc3 13. bxc3 Ne5 14. Nf3 Nhg4 15.
Rb1 a5 16. dxe6 fxe6 17. h3 Nxf3+ 18. Qxf3 h5 19. hxg4 h4 20. Rd1 Rf8 21. Qe2
Qf6 22. Bh6 Ba6 23. Qd2 Bb5 24. Bxf8 Qxf8 25. Bxe6 Bc6 26. Bxd7+ Kf7 27. Bxc6
Ra6 28. Qd7+ Kf6 29. Qxc7 Kg5 30. Rb5+ Kh6 31. Rd6 Qf4 32. g5+ Kh5 33. Qh7+ Kg4
34. Bd7+ Qf5 35. Bxf5+ Kf4 36. Qxh4# 1-0

[Event "Challenge"]
[Site "http://www.queenalice.com/game.php?id=518768"]
[Date "2009.1.7"]
[Round "-"]
[White "romabit"]
[Black "sergiomaia"]
[Result "1-0"]
[WhiteElo "1655"]
[BlackElo "1765"]

1. d4 d5 2. Nf3 Nc6 3. g3 Nf6 4. Bg2 Qd6 5. Nc3 e5 6. Nb5 Qb4+ 7. Nc3 exd4 8. a3
Qa5 9. Nxd4 Nxd4 10. Qxd4 c5 11. Qe5+ Be6 12. Bd2 Qd8 13. Bg5 Ng4 14. Bxd8 Nxe5
15. Bg5 d4 16. Nb5 Kd7 17. Bxb7 Rb8 18. Ba6 Rb6 19. Bf4 Ng6 20. Nc7 Nxf4 21.
Nxe6 Nxe6 22. Bd3 Rxb2 23. O-O Bd6 24. Rab1 Rhb8 25. Rxb2 Rxb2 26. Ra1 h6 27.
Kg2 g6 28. Rc1 Ra2 29. a4 Rxa4 30. Bb5+ Kc7 31. Bxa4 c4 32. c3 Kb6 33. cxd4 Nxd4
34. e3 Nb3 35. Bxb3 cxb3 36. Rb1 a5 37. Rxb3+ Kc5 38. Kf3 f6 39. h3 Be5 40. Ke4
Kc4 41. Ra3 Kb4 42. Ra2 a4 43. f4 Bc3 44. Kd3 Be1 45. g4 Kb3 46. Ra1 Bb4 47.
Rb1+ Ka3 48. Kc2 Bc5 49. e4 Be3 50. Kc3 Bxf4 51. Ra1# 1-0

[Event "Challenge"]
[Site "http://www.queenalice.com/game.php?id=518774"]
[Date "2009.1.7"]
[Round "-"]
[White "romabit"]
[Black "brido83"]
[Result "1/2-1/2"]
[WhiteElo "1653"]
[BlackElo "1743"]

1. d4 Nf6 2. c4 g6 3. Nf3 Bg7 4. Nc3 d6 5. e4 O-O 6. Be2 Re8 7. O-O e5 8. d5 c5
9. h3 Nbd7 10. Be3 Nb6 11. Nd2 Rf8 12. Rb1 a5 13. Nb5 Ne8 14. f4 f5 15. fxe5
Bxe5 16. Nf3 Bg7 17. Ng5 Nc7 18. Bf4 Nxb5 19. cxb5 fxe4 20. Nxe4 Bf5 21. Bd3
Nxd5 22. Bxd6 Bd4+ 23. Kh1 Ne3 24. Qb3+ Kh8 25. Bxf8 Nxf1 26. Rxf1 Qxf8 27. Ng3
Qd6 28. Nxf5 gxf5 29. Bxf5 Rf8 30. Qd3 Qe5 31. b3 b6 32. Bg4 Rxf1+ 33. Qxf1 Kg7
34. Qd3 Qe1+ 35. Kh2 Be5+ 36. g3 Qf2+ 37. Kh1 Qxg3 38. Qe2 Qf4 39. Qg2 Qc1+ 40.
Qg1 Qxg1+ 41. Kxg1 Kf6 42. Kf2 Kg5 43. Ke3 h5 44. Bc8 Kf6 45. Ke4 h4 46. Kd5 Bc3
47. Kc6 Ke5 48. Kxb6 Kd6 49. Ka6 Kc7 50. Bf5 Bd2 51. b6+ Kb8 52. a3 Bc3 53. Kb5
Kb7 54. Kxc5 Bd2 55. Be4+ Kb8 56. b7 Be3+ 57. Kc4 Bf2 58. Kd3 Bb6 59. b4 axb4
60. axb4 Kc7 61. Ke2 Ba7 62. Kf3 Bd4 63. Kg4 Bf6 64. Bf3 Be7 65. b5 Kb8 66. Bc6
Bd8 67. b6 1/2-1/2

[Event "Challenge"]
[Site "http://www.queenalice.com/game.php?id=520062"]
[Date "2009.1.10"]
[Round "-"]
[White "romabit"]
[Black "carloscolangelo"]
[Result "1-0"]
[WhiteElo "1642"]
[BlackElo "1390"]

1. Nf3 Nc6 2. Nc3 e5 3. d4 exd4 4. Nxd4 Qf6 5. e3 Nh6 6. Nd5 Qd8 7. Nb5 Bd6 8.
Bc4 O-O 9. O-O a6 10. Nxd6 cxd6 11. b3 b5 12. Bd3 Ne5 13. Ba3 Nxd3 14. Qxd3 Bb7
15. Nf4 Qf6 16. Bxd6 Rfe8 17. Bc5 Re5 18. Qxd7 Rxc5 19. Qxb7 Rac8 20. Nd5 Qd8
21. Ne7+ Kf8 22. Nxc8 Rxc8 23. Rad1 Qe8 24. Rd7 Rxc2 25. Rfd1 Rc8 26. Qxa6 Rb8
27. Qd6+ Kg8 28. Rd8 Rxd8 29. Qxd8 Kf8 30. Qg5 f6 31. Qc5+ Kg8 32. Rd5 Nf7 33.
Qxb5 Qe7 34. Qb8+ Qf8 35. Rb5 Nd6 36. Qxf8+ Kxf8 37. Rd5 Nb7 38. b4 Ke7 39. a4
Ke6 40. Rd4 g5 41. a5 h5 42. a6 Nd6 43. a7 h4 44. a8=Q f5 45. Qd5+ Ke7 46. Qxd6+
Kf7 47. Qd7+ Kf6 48. Rd6+ Ke5 49. Re6# 1-0

[Event "Challenge"]
[Site "http://www.queenalice.com/game.php?id=520063"]
[Date "2009.1.10"]
[Round "-"]
[White "carloscolangelo"]
[Black "romabit"]
[Result "0-1"]
[WhiteElo "1400"]
[BlackElo "1635"]

1. e4 d5 2. d3 dxe4 3. dxe4 Qxd1+ 4. Kxd1 Nf6 5. e5 Ng4 6. Be3 Nxe5 7. f4 Ng4 8.
Bd2 Nf2+ 9. Ke1 Nxh1 10. Bc4 e6 11. Nf3 Bc5 12. a3 O-O 13. b4 Bb6 14. Nc3 Nf2
15. Ke2 Nc6 16. Be3 Bxe3 17. Kxe3 Ng4+ 18. Ke2 b6 19. h3 Nf6 20. Rd1 Bb7 21. b5
Ne7 22. Bd3 Ned5 23. f5 Nf4+ 24. Ke3 Nxg2+ 25. Kf2 Nf4 26. fxe6 fxe6 27. Re1
Nxd3+ 28. cxd3 Bxf3 29. Kxf3 Nd5+ 30. Kg4 Nxc3 31. Rxe6 Nxb5 32. a4 Nd6 33. Re7
Rf7 34. Re6 Raf8 35. h4 Rf4+ 36. Kg3 Rf3+ 37. Kg2 Rxd3 38. Re7 Rc3 39. h5 Re8
40. Rd7 Re2+ 41. Kf1 Ra2 42. Rd8+ Kf7 43. Rd7+ Ke6 44. Rxg7 Rc1# 0-1

[Event "Challenge"]
[Site "http://www.queenalice.com/game.php?id=521984"]
[Date "2009.1.13"]
[Round "-"]
[White "charles31"]
[Black "romabit"]
[Result "1/2-1/2"]
[WhiteElo "1621"]
[BlackElo "1646"]

1. e4 d5 2. exd5 Nf6 3. c4 c6 4. dxc6 Nxc6 5. h3 Bf5 6. d3 Qa5+ 7. Nc3 e5 8. Bd2
Bb4 9. Be3 Bxc3+ 10. Bd2 Bxd2+ 11. Qxd2 Qxd2+ 12. Kxd2 O-O-O 13. Nf3 Nb4 14.
Nxe5 Be6 15. b3 Rhe8 16. a3 Nc6 17. f4 Ne4+ 18. Ke3 Ng3 19. Rh2 Nxe5 20. fxe5
Bf5 21. Kf4 Nxf1 22. Rxf1 Bxd3 23. Rc1 f6 24. exf6 gxf6 25. g4 Rd4+ 26. Kf3 f5
27. gxf5 Bxf5 28. Rc3 Red8 29. h4 Rd3+ 30. Rxd3 Rxd3+ 31. Kf4 Be6 32. Re2 Bd7
33. Rb2 Kc7 34. Kg5 Kb6 35. Kh6 Kc5 36. Kxh7 Rh3 37. Kg6 Rxh4 38. Kf6 Rd4 39.
Rc2 Rd3 40. b4+ Kd4 41. c5 Rxa3 42. Ke7 Bb5 43. Rh2 Ra4 44. Rh4+ Kc3 45. Kd6
Rxb4 46. Rh3+ Bd3 47. c6 bxc6 48. Kxc6 a5 49. Kc5 a4 50. Rxd3+ Kxd3 1/2-1/2

[Event "Challenge"]
[Site "http://www.queenalice.com/game.php?id=521987"]
[Date "2009.1.13"]
[Round "-"]
[White "Gallow"]
[Black "romabit"]
[Result "1-0"]
[WhiteElo "1782"]
[BlackElo "1637"]

1. e4 c5 2. Nf3 Nc6 3. Bb5 d6 4. O-O Bd7 5. Re1 Nf6 6. c3 a6 7. Ba4 b5 8. Bc2 e5
9. d4 Be7 10. h3 O-O 11. d5 Na5 12. Nxe5 dxe5 13. d6 Re8 14. dxe7 Qxe7 15. b3
Rad8 16. Bd2 h6 17. c4 bxc4 18. Bxa5 Rb8 19. bxc4 Bc6 20. Nc3 Qe6 21. Nd5 Bxd5
22. cxd5 Qd6 23. Bd3 Nd7 24. Bd2 Nf6 25. Rc1 Rec8 26. Qe2 1-0

[Event "Challenge"]
[Site "http://www.queenalice.com/game.php?id=522961"]
[Date "2009.1.15"]
[Round "-"]
[White "smcneil"]
[Black "romabit"]
[Result "1/2-1/2"]
[WhiteElo "1736"]
[BlackElo "1652"]

1. e4 g6 2. e5 Bg7 3. d4 d6 4. Nf3 Bg4 5. Be2 Nc6 6. h3 Bxf3 7. Bxf3 dxe5 8.
Bxc6+ bxc6 9. c3 exd4 10. O-O d3 11. Nd2 Nf6 12. Nc4 O-O 13. Ne5 d2 14. Bxd2 Ne4
15. Bf4 Bxe5 16. Qxd8 Rfxd8 17. Bxe5 Rd7 18. b4 Rb8 19. a4 c5 20. b5 f6 21. Bf4
Nxc3 22. Be3 Ne4 23. Rac1 Rd5 24. Rfe1 Rbd8 25. Bf4 Nd6 26. Rxe7 Ne8 27. Bxc7
Nxc7 28. Rxc7 Rd4 29. Rxa7 Rc8 30. b6 Rb4 31. b7 Rb8 32. Rxc5 R4xb7 33. Rxb7
Rxb7 34. a5 Kf7 35. a6 Ra7 36. Ra5 Ke6 37. g4 Kd6 38. f4 Kc6 39. Kf2 Kb6 40. Ra1
Rxa6 41. Rxa6+ Kxa6 42. Kf3 f5 43. gxf5 gxf5 44. Kg3 Kb6 45. Kh4 Kc6 46. Kg5 Kd6
47. Kxf5 Ke7 48. Kg5 Kf7 49. h4 Kg7 50. h5 h6+ 51. Kf5 Kf7 52. Ke5 Ke7 53. f5
Kf7 54. f6 Kf8 55. Ke6 Ke8 56. Kf5 Kf7 57. Ke5 Kf8 58. Ke6 Ke8 59. Kf5 Kf7 60.
Ke5 1/2-1/2

[Event "Challenge"]
[Site "http://www.queenalice.com/game.php?id=522962"]
[Date "2009.1.15"]
[Round "-"]
[White "romabit"]
[Black "smcneil"]
[Result "1-0"]
[WhiteElo "1645"]
[BlackElo "1706"]

1. Nf3 d5 2. e3 a6 3. c4 Nf6 4. Nc3 e6 5. d4 Bb4 6. Bd2 Ne4 7. Nxe4 Bxd2+ 8.
Nexd2 c6 9. Bd3 dxc4 10. Nxc4 b5 11. Ncd2 O-O 12. O-O Nd7 13. Rc1 Bb7 14. Ne4
Qc7 15. Nc5 Nxc5 16. Rxc5 f5 17. Qc2 Rad8 18. Ne5 Rf6 19. Nxc6 Rh6 20. h3 Rd5
21. Ne5 Qb6 22. e4 Rxd4 23. exf5 exf5 24. Bxf5 Rd5 25. Rxd5 Rf6 26. Nd7 Qc6 27.
Nxf6+ gxf6 28. Bxh7+ Kf7 29. Qg6+ Ke6 30. Re1+ Kxd5 31. Qf5+ Kc4 32. Qc2+ Kd4
33. Qd2+ Kc5 34. Rc1+ Kb6 35. Rxc6+ Bxc6 36. Qd4+ Kb7 37. Qxf6 Kb6 38. Be4 Ka5
39. Qxc6 1-0

[Event "Challenge"]
[Site "http://www.queenalice.com/game.php?id=523765"]
[Date "2009.1.16"]
[Round "-"]
[White "anetta007"]
[Black "romabit"]
[Result "1-0"]
[WhiteElo "1788"]
[BlackElo "1663"]

1. e4 e5 2. Bc4 Nf6 3. Nc3 Nc6 4. Nf3 Bb4 5. a3 Ba5 6. b4 Bb6 7. O-O O-O 8. d3
h6 9. Be3 d6 10. Re1 Bg4 11. h3 Bh5 12. Ne2 Bxe3 13. fxe3 Qd7 14. Ng3 Bg6 15. c3
a6 16. b5 Na5 17. bxa6 Nxc4 18. axb7 Rab8 19. dxc4 Rxb7 20. c5 dxc5 21. Nxe5 Qe6
22. Nxg6 fxg6 23. Rf1 Re8 24. Rf4 Qc4 25. Qc2 Rb3 26. e5 Qe6 27. exf6 Qxe3+ 28.
Kh2 Qxf4 29. Qxb3+ Kh7 30. Qf7 Rg8 31. Re1 Qxf6 32. Qc4 Qd6 33. Re6 Qf8 34. Qe4
Qf7 35. a4 1-0

[Event "Challenge"]
[Site "http://www.queenalice.com/game.php?id=524013"]
[Date "2009.1.16"]
[Round "-"]
[White "Kuroi"]
[Black "romabit"]
[Result "0-1"]
[WhiteElo "1655"]
[BlackElo "1618"]

1. e4 d6 2. Nc3 e5 3. Bc4 Nf6 4. Nf3 Bg4 5. h3 Bh5 6. g4 Bg6 7. d3 Be7 8. g5 Nh5
9. Be3 O-O 10. Qe2 Kh8 11. O-O-O Nc6 12. d4 Nf4 13. Bxf4 exf4 14. Qd2 Bxg5 15.
h4 Bh6 16. Rdg1 Re8 17. d5 Ne5 18. Nxe5 dxe5 19. f3 f5 20. h5 Bf7 21. exf5 c6
22. Rg4 e4 23. Qg2 cxd5 24. Bb5 Re5 25. Rd1 Rxf5 26. fxe4 f3+ 27. Kb1 fxg2 28.
exf5 Bxh5 29. Rxd5 Bxg4 30. Rxd8+ Rxd8 31. Bc4 g1=R+ 0-1

[Event "Challenge"]
[Site "http://www.queenalice.com/game.php?id=524016"]
[Date "2009.1.16"]
[Round "-"]
[White "cristal_negro"]
[Black "romabit"]
[Result "1-0"]
[WhiteElo "1735"]
[BlackElo "1662"]

1. e4 c5 2. Nf3 d6 3. Nc3 Nf6 4. Bb5+ Nbd7 5. O-O e5 6. a3 Be7 7. Re1 O-O 8. Na4
a6 9. Bxd7 Bxd7 10. Nc3 Bg4 11. Nd5 Nxd5 12. exd5 f5 13. d3 c4 14. h3 Bh5 15.
Bd2 e4 16. dxe4 fxe4 17. Rxe4 Bxf3 18. gxf3 Bg5 19. Bxg5 Qxg5+ 20. Rg4 Qf5 21.
Rg3 h5 22. h4 Qf6 23. Rh3 Qxb2 24. a4 Rf6 25. Rb1 Qc3 26. Rxb7 Raf8 27. Rg3 R8f7
28. Rxf7 Kxf7 29. Qe2 g6 30. Kg2 Qd4 31. Qe4 Qe5 32. Qxc4 Rf5 33. Qc7+ Qe7 34.
Qxe7+ Kxe7 35. Rxg6 Rxd5 36. Kg3 Kf7 37. Rg5 Re5 38. Rxe5 1-0

[Event "Let's Play Chess!"]
[Site "http://www.queenalice.com/game.php?id=526480"]
[Date "2009.1.21"]
[Round "-"]
[White "CampbellMarcel"]
[Black "romabit"]
[Result "1-0"]
[WhiteElo "1808"]
[BlackElo "1671"]

1. e4 c5 2. Nf3 d6 3. e5 Bg4 4. exd6 exd6 5. Bb5+ Nd7 6. Qe2+ Be7 7. O-O Nf6 8.
h3 Bh5 9. g4 Bg6 10. d3 O-O 11. Bg5 a6 12. Bxf6 Bxf6 13. Bxd7 Qxd7 14. c3 Qc6
15. Qd1 Rfe8 16. d4 Be4 17. Nbd2 Bd3 18. Re1 Rxe1+ 19. Qxe1 Re8 20. Qc1 Be2 21.
Nh2 cxd4 22. Ndf1 dxc3 23. bxc3 Bxc3 24. Rb1 d5 25. Ne3 d4 26. Nc2 d3 27. Ne3 d2
28. Qc2 Bd4 29. Qxd2 Bb5 30. Qxd4 Qh6 31. Nf5 Qf6 32. Qxf6 gxf6 33. Nd6 Re2 34.
Nxb5 axb5 35. Rxb5 Rxa2 36. Rxb7 Kg7 37. Nf3 Kg6 38. h4 Ra4 39. h5+ Kg7 40. Nh2
1-0

[Event "Challenge"]
[Site "http://www.queenalice.com/game.php?id=527150"]
[Date "2009.1.22"]
[Round "-"]
[White "laoziller"]
[Black "romabit"]
[Result "0-1"]
[WhiteElo "1814"]
[BlackElo "1660"]

1. c4 e5 2. Nc3 Nf6 3. e4 Nc6 4. a3 Be7 5. Nf3 O-O 6. d4 exd4 7. Nxd4 Re8 8.
Nxc6 bxc6 9. Bf4 Bb7 10. Bd3 d5 11. cxd5 cxd5 12. e5 Bc5 13. O-O Nd7 14. Bb5 c6
15. Ba4 Nxe5 16. Re1 Qb6 17. Qc2 Ng4 18. Bg3 Re6 19. h3 Nh6 20. Rxe6 fxe6 21.
Re1 Nf5 22. Kf1 Nxg3+ 23. Kg1 Bxf2+ 24. Qxf2 Qc7 25. Ne2 Ne4 26. Qf4 Qa5 27. Rf1
Nf6 28. Bc2 Ba6 29. Qe5 Qc5+ 0-1

[Event "Challenge"]
[Site "http://www.queenalice.com/game.php?id=527152"]
[Date "2009.1.22"]
[Round "-"]
[White "MadScot"]
[Black "romabit"]
[Result "1-0"]
[WhiteElo "1893"]
[BlackElo "1627"]

1. e4 c5 2. Nf3 d6 3. d4 cxd4 4. Qxd4 Nc6 5. Bb5 Bd7 6. Bxc6 Bxc6 7. Nc3 e5 8.
Qd3 Nf6 9. Bg5 Be7 10. O-O-O O-O 11. Kb1 1-0

[Event "Challenge"]
[Site "http://www.queenalice.com/game.php?id=527153"]
[Date "2009.1.22"]
[Round "-"]
[White "Cronos"]
[Black "romabit"]
[Result "1-0"]
[WhiteElo "1897"]
[BlackElo "1652"]

1. e4 e5 2. d3 Nf6 3. Nf3 Nc6 4. Nc3 Be7 5. g3 O-O 6. Bg2 h6 7. a3 d6 8. Nd5
Nxd5 9. exd5 Nd4 10. Nxd4 exd4 11. c4 Re8 12. O-O Bf5 13. b4 Qd7 14. Bb2 Bf6 15.
a4 c6 16. dxc6 bxc6 17. b5 Rab8 18. Bxc6 Qc7 19. Bxe8 Rxe8 20. f4 Qe7 21. Qd2 g5
22. Rae1 1-0

[Event "Challenge"]
[Site "http://www.queenalice.com/game.php?id=527488"]
[Date "2009.1.23"]
[Round "-"]
[White "scaramouche"]
[Black "romabit"]
[Result "1-0"]
[WhiteElo "1927"]
[BlackElo "1657"]

1. c4 Nf6 2. Nc3 c6 3. g3 d5 4. cxd5 cxd5 5. d4 e6 6. e3 Bb4 7. Bd2 O-O 8. Bg2
Nbd7 9. Nge2 Nb6 10. O-O Nc4 11. b3 Nxd2 12. Qxd2 Bd7 13. a3 Ba5 14. b4 Bb6 15.
Qd3 h6 16. e4 dxe4 17. Nxe4 Nxe4 18. Bxe4 f5 19. Bxb7 Rb8 20. Bg2 Qf6 21. Kh1
Rfd8 22. Rad1 Ba4 23. Rd2 e5 24. d5 Rd6 25. Nc3 Bb3 26. Nb5 Rd7 27. Qxb3 Bxf2
28. d6+ Kh8 29. Rfxf2 Rxb5 30. Bc6 1-0

[Event "Challenge"]
[Site "http://www.queenalice.com/game.php?id=527860"]
[Date "2009.1.23"]
[Round "-"]
[White "romabit"]
[Black "scaramouche"]
[Result "0-1"]
[WhiteElo "1663"]
[BlackElo "1881"]

1. c4 g6 2. d4 Bg7 3. e4 d6 4. Nf3 Bg4 5. Be2 Bxf3 6. Bxf3 e5 7. d5 Nf6 8. O-O
O-O 9. Nc3 Nbd7 10. Bg5 c6 11. dxc6 bxc6 12. Qxd6 h6 13. Bxf6 Nxf6 14. Qxc6 Rc8
15. Qd5 Nxd5 0-1

[Event "Challenge"]
[Site "http://www.queenalice.com/game.php?id=530779"]
[Date "2009.1.28"]
[Round "-"]
[White "MysteriousWays"]
[Black "romabit"]
[Result "1-0"]
[WhiteElo "1622"]
[BlackElo "1678"]

1. g3 e5 2. Bg2 d5 3. e4 d4 4. d3 Nf6 5. Nf3 Bg4 6. O-O Be7 7. Bg5 O-O 8. Bxf6
Bxf6 9. a3 c5 10. Nbd2 Nc6 11. h3 Bh5 12. g4 Bg6 13. c4 a6 14. Nb3 b6 15. Qd2 a5
16. a4 Nb4 17. Rfd1 h6 18. Nh2 Bg5 19. Qe2 Qe7 20. Nc1 Qe6 21. b3 Na6 22. Na2
Nc7 23. Nf3 Be7 24. Nh2 Ne8 25. h4 Bxh4 26. f3 Nf6 27. Nf1 h5 28. gxh5 Nxh5 29.
Nd2 Nf4 30. Qf1 f5 31. exf5 Bxf5 32. Ne4 g5 33. Rd2 g4 34. Re1 Bxe1 35. Qxe1 Kf7
36. Ng5+ 1-0

[Event "Challenge"]
[Site "http://www.queenalice.com/game.php?id=531395"]
[Date "2009.1.29"]
[Round "-"]
[White "kisly"]
[Black "romabit"]
[Result "1-0"]
[WhiteElo "1229"]
[BlackElo "1663"]

1. e4 c5 2. d3 d6 3. Nc3 Nf6 4. Nh3 Bxh3 5. gxh3 e5 6. Nb5 a6 7. Na3 b5 8. c3
Be7 9. Bg5 O-O 10. Qd2 Qd7 11. O-O-O Nxe4 12. dxe4 Nc6 13. h4 h6 14. Rg1 hxg5
15. hxg5 b4 16. Nc2 1-0